| 000 | 00988nam a2200277 i 4500 | ||
|---|---|---|---|
| 001 | 175504 | ||
| 003 | ES-MaACL | ||
| 005 | 20230906215835.0 | ||
| 007 | t| | ||
| 008 | 101102s2008 sp o |||| | spa d | ||
| 020 | _a978-84-936363-4-0 | ||
| 080 | _a919.14 | ||
| 100 | 1 |
_aDíaz, Gabriel. _9143820 |
|
| 245 | 1 | 0 |
_aMiradas sobre Manila / _cGabriel Díaz, textos ; Miguel Trillo, fotografía ; [editor: Juan Guardiola]. |
| 260 |
_a[Madrid] : _bSociedad Estatal para la Acción Cultural Exterior (SEACEX) ; _a[Barcelona : _bCasa Asia], _c[2008] |
||
| 300 |
_a[64] p. : _bfot. col. ; _c21 cm. |
||
| 504 | _aBibliografía: p. 93-94. | ||
| 546 | _aTexto en español e inglés. | ||
| 594 | _aDatos tomados de cub. | ||
| 651 | 4 |
_aManila- _xHistoria. _99020 |
|
| 700 | 1 |
_aTrillo, Miguel. _9111433 |
|
| 700 | 1 |
_aGuardiola, Juan. _9147874 |
|
| 710 | 2 |
_aSociedad Estatal para la Acción Cultural Exterior (España) _96762 |
|
| 710 | 2 |
_aCasa Asia. _9147381 |
|
| 852 |
_aES-MaACL _j2264-F-9 |
||
| 999 |
_c175504 _d175504 |
||